The rebellion of Miss Lucy Ann Lobdell / William Klaber.
"A fictionalized memoir of Lucy Lobdell, who, in 1855, left her home and family, cut her hair, changed clothes, and went off to live her life as a man"-- Provided by publisher.
Record details
- ISBN: 9781628995374
- ISBN: 1628995378
- Physical Description: 446 pages (large print) ; 22 cm
- Edition: Center Point Large Print edition.
- Publisher: Thorndike, Maine : Center Point Large Print, 2015, ©2013.
Search for related items by subject
| Subject: | Lobdell, Lucy Ann, 1829- > Fiction. Transvestism > United States > History > 19th century > Fiction. Lesbians > United States > History > 19th century > Fiction. |
| Genre: | Large type books. Historical fiction. |
Available copies
- 1 of 1 copy available at scottsboropl.
Holds
- 0 current holds with 1 total copy.
Show Only Available Copies
| Location | Call Number / Copy Notes | Barcode | Shelving Location | Status | Due Date |
|---|---|---|---|---|---|
| scottsboropl | F Kla | 32269000957582 | Adult - Fiction | Available | - |
| LDR | 01509cam a22003738i 4500 | ||
|---|---|---|---|
| 001 | 138988 | ||
| 003 | CONS | ||
| 005 | 20150513084913.0 | ||
| 008 | 150123t20152013meu d 000 1 eng | ||
| 010 | . | ‡a 2015002863 | |
| 020 | . | ‡a9781628995374 ‡q(large print : library binding) | |
| 020 | . | ‡a1628995378 ‡q(large print : library binding) | |
| 035 | . | ‡a(CPomAG)LMN588256 | |
| 042 | . | ‡apcc | |
| 043 | . | ‡an-us--- | |
| 050 | 1 | 0. | ‡aPS3611.L33 ‡bR43 2015b |
| 082 | 0 | 0. | ‡a813/.6 ‡223 |
| 100 | 1 | . | ‡aKlaber, William, ‡d1945- |
| 245 | 1 | 4. | ‡aThe rebellion of Miss Lucy Ann Lobdell / ‡cWilliam Klaber. |
| 250 | . | ‡aCenter Point Large Print edition. | |
| 264 | 1. | ‡aThorndike, Maine : ‡bCenter Point Large Print, ‡c2015, ©2013. | |
| 300 | . | ‡a446 pages (large print) ; ‡c22 cm | |
| 336 | . | ‡atext ‡btxt ‡2rdacontent | |
| 337 | . | ‡aunmediated ‡bn ‡2rdamedia | |
| 338 | . | ‡avolume ‡bnc ‡2rdacarrier | |
| 520 | . | ‡a"A fictionalized memoir of Lucy Lobdell, who, in 1855, left her home and family, cut her hair, changed clothes, and went off to live her life as a man"-- ‡cProvided by publisher. | |
| 600 | 1 | 0. | ‡aLobdell, Lucy Ann, ‡d1829- ‡vFiction. |
| 650 | 0. | ‡aTransvestism ‡zUnited States ‡xHistory ‡y19th century ‡vFiction. | |
| 650 | 0. | ‡aLesbians ‡zUnited States ‡xHistory ‡y19th century ‡vFiction. | |
| 655 | 0. | ‡aLarge type books. | |
| 655 | 7. | ‡aHistorical fiction. ‡2gsafd | |
| 914 | . | ‡aSCP_jd ‡dLMN_cm | |
| 959 | . | ‡i32269000957582 ‡lF Kla ‡aAdult - Fiction ‡tFiction ‡g36.00 | |
| 852 | . | ‡p32269000957582 ‡jF Kla ‡gAdult - Fiction ‡cFiction ‡y36.00 ‡bSBPL | |
| 901 | . | ‡a138988 ‡bUnknown ‡c138988 ‡tbiblio | |